The Oxford 5000 - Letter L - Translate from Polish to English - Statystyki

Ogólne statystyki
  • Ten quiz został rozwiązany 13 razy
  • Średni wynik to 19 z 61
Statystyki odpowiedzi
Polish Angielski % Poprawnych
laser laser
80%
legenda legend
80%
legendarny legendary
80%
lesbijski, lesbijka lesbian
80%
liberalny, tolerancyjny / liberał liberal
80%
hol, lobby (grupa nacisku) / lobbować, wywierać wpływ na polityków lobby
80%
logika logic
80%
logo logo
80%
loteria lottery
80%
tekst piosenki lyrics
80%
drabina ladder
60%
lądowanie landing
60%
właściciel wynajmowanego mieszkania/domu landlord
60%
dziedzictwo, spuścizna legacy
60%
oświetlenie lighting
60%
litr liter
60%
dosłownie literally
60%
kłoda, rejestr / rejestrować, logować (się) log
60%
lojalny, wierny loyal
60%
ostatnio lately
40%
trawnik lawn
40%
przeciekać, ujawnić (tajemnicę) / wyciek, przeciek leak
40%
wolność, swoboda liberty
40%
kończyna, konar/duża gałąź drzewa limb
40%
wątroba liver
40%
lojalność loyalty
40%
punkt orientacyjny, ważne miejsce, zabytek, kamień milowy landmark
20%
pas ruchu, uliczka, tor (na basenie, bieżni) lane
20%
kolana (gdy ktoś siedzi), okrążenie lap
20%
na dużą skalę large-scale
20%
układ, rozmieszczenie (np. strony, mieszkania) layout
20%
skakać, przeskoczyć / skok leap
20%
ustawodawstwo, przepisy legislation
20%
soczewka, obiektyw lens
20%
wyzwolenie, oswobodzenie liberation
20%
całe życie, okres życia lifetime
20%
ograniczenie limitation
20%
liniowy linear
20%
umiejętność czytania i pisania literacy
20%
śmieci (rozrzucone), żwirek (dla kota), miot (zwierząt), ściółka litter
20%
wieloletni, dawny (np. przyjaciel) longtime
20%
pętla loop
20%
drugi z dwóch wymienionych latter
0%
ustawodawca lawmaker
0%
pozew sądowy, sprawa sądowa, proces sądowy lawsuit
0%
ustawodawczy legislative
0%
władza ustawodawcza, organ ustawodawczy legislature
0%
legalny, prawowity, uzasadniony prawnie legitimate
0%
przydługi, dłużący się, rozwlekły, trwający zbyt długo lengthy
0%
mniejszy, pomniejszy (o mniejszym znaczeniu), mniej ważny lesser
0%
śmiertelny, śmiercionośny lethal
0%
odpowiedzialny (prawnie), podatny (na coś), podlegający (czemuś) liable
0%
trwający całe życie, dożywotni lifelong
0%
prawdopodobieństwo likelihood
0%
podobnie, tak samo, nawzajem (w odpowiedzi na życzenia) likewise
0%
skład (np. zespołu), program (wydarzenia), zestawienie lineup
0%
zwlekać, ociągać się, utrzymywać się (np. o zapachu, uczuciu) linger
0%
wykaz, lista, ogłoszenie (np. o sprzedaży nieruchomości) listing
0%
literacki literary
0%
długoletni, długotrwały (np. spór, relacja) long-standing
0%
wyłaniać się (niewyraźnie), wisieć w powietrzu (o zagrożeniu) loom
0%
Nie znaleziono quizów pasujących do podanych kryteriów
Rozkład punktacji
Procent ludzi z każdym wynikiem
Percentyl według liczby udzielonych odpowiedzi
Twoja historia wyników
Nie rozwiązałeś tego quizu